Statistics for Top 15 Most Populous Countries in Africa

Click here to take the quiz!

General Stats

  • This quiz has been taken 102 times
  • The average score is 14 of 15

Answer Stats

RankPopulationCountry% Correct
1214 milNigeria
100%
3105 milEgypt
100%
494.0 milDemocratic Republic of the Congo
99%
660.4 milSouth Africa
99%
2119 milEthiopia
96%
755.7 milKenya
96%
945.5 milSudan
96%
1138.2 milMorocco
96%
1045.1 milAlgeria
95%
562.5 milTanzania
93%
848.1 milUganda
90%
1234.5 milAngola
87%
1528.8 milMadagascar
87%
1332.7 milMozambique
85%
1432.1 milGhana
81%

Score Distribution

Percentile by Number Answered

Percent of People with Each Score

Your Score History

You have not taken this quiz